5HLuxD.jpg

KING HENRY VIII SENIOR AND PRIMARY SCHOOL LIBRARY OPAC

Pandora (Record no. 1541)

000 -LEADER
fixed length control field 00935cam a2200277 a 4500
001 - CONTROL NUMBER
control field 703263
003 - CONTROL NUMBER IDENTIFIER
control field INLPI
005 - DATE AND TIME OF LATEST TRANSACTION
control field 20230112091935.0
008 - FIXED-LENGTH DATA ELEMENTS--GENERAL INFORMATION
fixed length control field 160715s2017 maua b 000 j eng d
020 ## - INTERNATIONAL STANDARD BOOK NUMBER
International Standard Book Number 9780544947337
Qualifying information (hbk.) :
035 ## - SYSTEM CONTROL NUMBER
System control number (SPYDUS)723558
040 ## - CATALOGING SOURCE
Original cataloging agency NLPI
Language of cataloging eng
Transcribing agency NLPI
Modifying agency NLPI
-- KH8
Description conventions aacr2
042 ## - AUTHENTICATION CODE
Authentication code nbic
082 0# - DEWEY DECIMAL CLASSIFICATION NUMBER
Classification number 823.92 TUR
100 1# - MAIN ENTRY--PERSONAL NAME
Personal name Turnbull, Victoria,
Relator term author,
-- illustrator.
245 10 - TITLE STATEMENT
Title Pandora
Medium [children's book] /
Statement of responsibility, etc. Victoria Turnbull.
260 ## - PUBLICATION, DISTRIBUTION, ETC.
Place of publication, distribution, etc. Boston ;
-- New York :
Name of publisher, distributor, etc. Clarion Books, Houghton Mifflin Harcourt,
Date of publication, distribution, etc. c2017.
300 ## - PHYSICAL DESCRIPTION
Extent 1 volume (unpaged) :
Other physical details color illustrations ;
Dimensions 29 cm.
500 ## - GENERAL NOTE
General note Originally published in the United Kingdom by Frances Lincoln Children's Books in 2016.
521 8# - TARGET AUDIENCE NOTE
Target audience note Preschool.
521 8# - TARGET AUDIENCE NOTE
Target audience note 500
Source Lexile.
650 #0 - SUBJECT ADDED ENTRY--TOPICAL TERM
Topical term or geographic name entry element Foxes
Form subdivision Juvenile fiction.
650 #0 - SUBJECT ADDED ENTRY--TOPICAL TERM
Topical term or geographic name entry element Birds
Form subdivision Juvenile fiction.
650 #0 - SUBJECT ADDED ENTRY--TOPICAL TERM
Topical term or geographic name entry element Loneliness
Form subdivision Juvenile fiction.
942 ## - ADDED ENTRY ELEMENTS (KOHA)
Source of classification or shelving scheme
Koha item type Books - Non Ficton
Holdings
Withdrawn status Lost status Source of classification or shelving scheme Damaged status Not for loan Collection code Permanent Location Current Location Shelving location Date acquired Total Checkouts Total Renewals Full call number Barcode Date due Date last seen Date last checked out Price effective from Koha item type
          Non-Fiction KH8 Primary School Library KH8 Primary School Library Fiction 2023-01-12 15 1 823.92 TUR KHPL000003305 2026-02-04 2024-10-17 2024-10-17 2023-01-12 Books - Non Ficton

Powered By KH8 IT Dept